Land law : texts, cases and materials (Third edition) (Record no. 80585)

MARC details
000 -LEADER
fixed length control field 01258nam a2200265 a 4500
008 - FIXED-LENGTH DATA ELEMENTS--GENERAL INFORMATION
fixed length control field 210426s2015 xx |||||||||||||| || u
020 ## - INTERNATIONAL STANDARD BOOK NUMBER
International Standard Book Number 9780198722847
050 ## - LIBRARY OF CONGRESS CALL NUMBER
Classification number KD 167 Far
100 ## - MAIN ENTRY--PERSONAL NAME
Personal name McFarlane, Ben
245 10 - TITLE STATEMENT
Title Land law : texts, cases and materials (Third edition)
Statement of responsibility, etc. By Ben McFarlane; Sarah Nield; Nicholas Hopkins
250 ## - EDITION STATEMENT
Edition statement Third edition
260 ## - PUBLICATION, DISTRIBUTION, ETC.
Place of publication, distribution, etc.
Name of publisher, distributor, etc. Oxford University Press
Date of publication, distribution, etc. 2015
300 ## - PHYSICAL DESCRIPTION
Extent lii, 1196 pages : illustrations
650 #0 - SUBJECT ADDED ENTRY--TOPICAL TERM
Topical term or geographic name entry element LAND TENURE--LAW AND LEGISLATION--WALES
650 ## - SUBJECT ADDED ENTRY--TOPICAL TERM
Topical term or geographic name entry element REAL PROPERTY--WALES
650 ## - SUBJECT ADDED ENTRY--TOPICAL TERM
Topical term or geographic name entry element REAL PROPERTY --ENGLAND
650 ## - SUBJECT ADDED ENTRY--TOPICAL TERM
Topical term or geographic name entry element LEASES--ENGLAND
650 ## - SUBJECT ADDED ENTRY--TOPICAL TERM
Topical term or geographic name entry element LEASES--WALES
650 #0 - SUBJECT ADDED ENTRY--TOPICAL TERM
Topical term or geographic name entry element LAND TENURE--LAW AND LEGISLATION--ENGLAND
700 ## - ADDED ENTRY--PERSONAL NAME
Personal name Hopkins, Nicholas
700 ## - ADDED ENTRY--PERSONAL NAME
Personal name Nield, Sarah
995 ## -
-- MAIN LIBRARY OPEN ACCESS
-- 28.74
-- 751081
-- CBU-MAIN LIBRARY (Kitwe)
-- KD 167 Far
-- 2
-- AVAILABLE
-- Apr 26, 2021
-- 751081
-- Main Library Open Access Collection
995 ## -
-- MAIN LIBRARY OPEN ACCESS
-- 28.74
-- 751082
-- CBU-MAIN LIBRARY (Kitwe)
-- KD 167 Far
-- 3
-- AVAILABLE
-- Apr 26, 2021
-- 751082
-- Main Library Open Access Collection
995 ## -
-- MAIN LIBRARY OPEN ACCESS
-- 28.74
-- 751080
-- CBU-MAIN LIBRARY (Kitwe)
-- KD 167 Far
-- 1
-- AVAILABLE
-- Apr 26, 2021
-- 751080
-- Main Library Open Access Collection
999 ## -
-- 80585
-- 80585
Holdings
Withdrawn status Lost status Source of classification or shelving scheme Damaged status Not for loan Collection code Permanent Location Current Location Shelving location Date acquired Source of acquisition Full call number Barcode Date last seen Price effective from Koha item type Total Checkouts Copy number
          CBU-Lusaka Campus CBU- LUSAKA CAMPUS CBU- LUSAKA CAMPUS General Stacks 10/07/2024 BOOK AID INTERNATIONAL KD 167 Far 750770 10/07/2024 10/07/2024 MONOGRAPH    
          CBU-Lusaka Campus CBU- LUSAKA CAMPUS CBU-MAIN LIBRARY, KITWE. General Stacks 06/30/2023 BOOK AID INTERNATIONAL KD 167 Far 751081 03/06/2025 06/30/2023 MONOGRAPH    
            CBU-MAIN LIBRARY, KITWE. CBU-MAIN LIBRARY, KITWE.   06/30/2023   KD 167 Far 751082 06/30/2023 06/30/2023 MONOGRAPH   2
            CBU-MAIN LIBRARY, KITWE. CBU-MAIN LIBRARY, KITWE.   06/30/2023   KD 167 Far 751080 06/30/2023 06/30/2023 MONOGRAPH   3